=LDR 00000nam 2200000 4500 =001 INLIS000000000026400 =005 20130612124838 =008 ***********************************Ind** =035 ##$$0010-061300000026400 =041 ##$$a Ind =082 ##$$a 657 =090 ##$$a 657, Fun f =100 ##$$a Anthony, Welsch =245 ##$$a Fundamentals of financial accounting, Welsch Anthony =260 ##$$a 1984 $b Amerika =300 ##$$a 871 hlm, 21 cm =650 ##$$a Akuntansi =850 ##$$a NBPNMAT